Tractatvs de concvrsv et privilegiis creditorvm in bonis debitoris. Et de praelationibvs eorvm ; atqve de ordine & gradu, quo solutio fieri debet, cum debitor solvendo non est, & bona eius publicè venduntur : vniversis ivris professoribvs vtilissimus, ivdicibvs, et advocatis summè necessarius; frequentissimus sanè, et quotidianis omnibus iudicijs, et Tribunalium / avctore Licentiato Amatore Rodriguez ; in Salmanticensis insigni academia anteà Iuris Professore, & ad plura gravissima negotia Regio Indice delegato. In quo praeter observationes Exc nunc. Iur. Profess. Nicolai Graglirdi ; Proth. Apost. Nunc recèns ipso undequaque diligentiùs castigato, & restituto, uberiora prodeunt scholia Antonii Mariae Bertoli. Adiecta in super semicenturia recentissimarum S.R.R. decisionum ad suos articulos per ipsum elaboratè distributarum

Detalles Bibliográficos
Autor principal: Rodríguez, Amador
Formato: Libro
Lenguaje:Undetermined
Latin
Publicado: Lugduni : sumptibus Laurentii Anisson, 1665.
Materias:
Colección:Banco de datos
Acervo:Biblioteca Palafoxiana. Colección bibliográfica
Descripción Física:[2], 196, [56], 86, [34] p. ; f°
Tema general:Derecho civil
Notas:Marca de fuego: Colegio de San Juan. Número de localización: 18034
LEADER 01370nam a2200169Ia 4500
008 150723s9999 xx 000 0 und d
041 0 |a lat 
050 0 |a PAFX K623 R6 
100 1 |a Rodríguez, Amador 
245 1 0 |a Tractatvs de concvrsv et privilegiis creditorvm in bonis debitoris. Et de praelationibvs eorvm ; atqve de ordine & gradu, quo solutio fieri debet, cum debitor solvendo non est, & bona eius publicè venduntur : vniversis ivris professoribvs vtilissimus, ivdicibvs, et advocatis summè necessarius; frequentissimus sanè, et quotidianis omnibus iudicijs, et Tribunalium / avctore Licentiato Amatore Rodriguez ; in Salmanticensis insigni academia anteà Iuris Professore, & ad plura gravissima negotia Regio Indice delegato. In quo praeter observationes Exc nunc. Iur. Profess. Nicolai Graglirdi ; Proth. Apost. Nunc recèns ipso undequaque diligentiùs castigato, & restituto, uberiora prodeunt scholia Antonii Mariae Bertoli. Adiecta in super semicenturia recentissimarum S.R.R. decisionum ad suos articulos per ipsum elaboratè distributarum 
260 |a Lugduni : sumptibus Laurentii Anisson, 1665. 
300 |a [2], 196, [56], 86, [34] p. ; f° 
500 |a Marca de fuego: Colegio de San Juan. Número de localización: 18034 
650 1 0 |a Derecho civil 
942 |c PALALIB 
943 |g Biblioteca Palafoxiana. Colección bibliográfica 
999 |c 1048689  |d 1048689